MOMENTS OF TRUTH (Record no. 8109)

MARC details
000 -LEADER
fixed length control field 00338nam a2200133Ia 4500
008 - FIXED-LENGTH DATA ELEMENTS--GENERAL INFORMATION
fixed length control field 240624s9999 xx 000 0 und d
041 ## - LANGUAGE CODE
Language code of text/sound track or separate title eng
082 ## - DEWEY DECIMAL CLASSIFICATION NUMBER
Classification number 387.7065 CAR
100 ## - MAIN ENTRY--PERSONAL NAME
Personal name CARLZON JAN
245 ## - TITLE STATEMENT
Title MOMENTS OF TRUTH
260 ## - PUBLICATION, DISTRIBUTION, ETC.
Date of publication, distribution, etc. 1989
Place of publication, distribution, etc. New York
Name of publisher, distributor, etc. HarperCollins Publishers
300 ## - PHYSICAL DESCRIPTION
Extent xiii, : 135 : p. : cm. ; 20
365 ## - TRADE PRICE
Currency code
Price amount 20
Holdings
Withdrawn status Lost status Damaged status Not for loan Home library Current library Shelving location Date acquired Source of acquisition Cost, normal purchase price Total Checkouts Total Holds Full call number Barcode Date due Date last seen Date last checked out Copy number Price effective from Koha item type
        IMTN IMTN Rack 15-B 01/17/2008 WBD 8.75 1 736 387.7065 CAR 8109 10/14/2024 07/06/2024 07/06/2024 39.48 06/24/2024 Books
Designed & Maintained by: LRC IMT Nagpur Contact: lrc@imtnag.ac.in© 2024. All Rights Reserved.